Focus (Record no. 82787)

MARC details
000 -LEADER
fixed length control field 01009cad a22002535a 4500
001 - CONTROL NUMBER
control field L151379
008 - FIXED-LENGTH DATA ELEMENTS--GENERAL INFORMATION
fixed length control field 101029e20100925xxk 000 0 eng d
035 ## - SYSTEM CONTROL NUMBER
System control number (Sirsi) u151379
041 0# - LANGUAGE CODE
Language code of text/sound track or separate title eng
100 1# - MAIN ENTRY--PERSONAL NAME
Personal name Thame, David
245 00 - TITLE STATEMENT
Title Focus
Remainder of title Surrey, Sussex and Kent
260 ## - PUBLICATION, DISTRIBUTION, ETC.
Date of publication, distribution, etc. 2010
490 ## - SERIES STATEMENT
Series statement Estates Gazette
Volume/sequential designation (1038) 25 September 2010, 81-97(11)
520 ## - SUMMARY, ETC.
Summary, etc. Overview of projects. Includes information on Kent infrastructure development where planners are still optimistic despite the cutbacks. Also features key developments sites in Tunbridge Wells, the effect of the abolition of the Croydon Economic Development Company and the ending of the pioneering partnership between Mid Sussex Council and developer Thornfield.
590 ## - LOCAL NOTE (RLIN)
Local note KA
651 #4 - SUBJECT ADDED ENTRY--GEOGRAPHIC NAME
Geographic name Kent
651 #4 - SUBJECT ADDED ENTRY--GEOGRAPHIC NAME
Geographic name Surrey
651 #4 - SUBJECT ADDED ENTRY--GEOGRAPHIC NAME
Geographic name Sussex
Chronological subdivision 1888-
690 ## - LOCAL SUBJECT ADDED ENTRY--TOPICAL TERM (OCLC, RLIN)
Topical term or geographic name as entry element PROPERTY-COMMERCIAL PROPERTY-COMMERCIAL PROPERTY MARKET
700 1# - ADDED ENTRY--PERSONAL NAME
Personal name Morrison, Adrian
700 1# - ADDED ENTRY--PERSONAL NAME
Personal name Cunningham, Daniel
700 1# - ADDED ENTRY--PERSONAL NAME
Personal name Meadwell, Stacey
942 ## - ADDED ENTRY ELEMENTS (KOHA)
Suppress in OPAC 0
Holdings
Withdrawn status Lost status Source of classification or shelving scheme Damaged status Not for loan Home library Current library Shelving location Date acquired Total Checkouts Full call number Barcode Date last seen Copy number Price effective from Koha item type
    Dewey Decimal Classification     London London Journal article 29/10/2010   L151379 151379-3001 06/08/2019 1 06/08/2019 Journal article